[Event "Czech Open GMA"]
[Site "Pardubice CZE"]
[Date "2007.07.24"]
[Round "5"]
[White "Grandelius,N"]
[Black "Krapivin,Vl"]
[Result "0-1"]
[WhiteElo "2271"]
[BlackElo "2394"]

1.e4 d6 2.d4 Nf6 3.Nc3 e5 4.dxe5 dxe5 5.Qxd8+ Kxd8 6.Bg5 c6 7.Bc4 Ke8 8.O-O-O Be7
9.Nf3 Nbd7 10.a4 h6 11.Bh4 Nh5 12.Bxe7 Kxe7 13.Nd2 a5 14.g3 Nhf6 15.f4 Nb6
16.Rde1 Bh3 17.Bf1 Bxf1 18.Rhxf1 Nfd7 19.Nf3 g6 20.b3 Rhe8 21.Nd1 Kf8 22.Nf2 Kg7
23.Nd3 f6 24.Nh4 Rad8 25.f5 g5 26.Ng2 Nc8 27.Ne3 Nd6 28.Nd1 b6 29.Kb2 Nb7
30.Nc3 Ndc5 31.Nf2 Rd4 32.Re3 Red8 33.Rfe1 Nd6 34.Nd3 Ndb7 35.Nf2 h5 36.h3 Rd2
37.R1e2 R2d4 38.Re1 Na6 39.Nd3 Nbc5 40.Nxc5 Nxc5 41.Kc1 Kf7 42.Nb1 Ke7 43.R3e2 Ke8
44.Na3 Rb4 45.Nb1 Kf7 46.Re3 Rbd4 47.R3e2 b5 48.axb5 cxb5 49.Nc3 b4 50.Nd1 a4
51.bxa4 Nxa4 52.Re3 Nc5 53.Nb2 Ra8 54.Kb1 Ra3 55.Rxa3 bxa3 56.Nd1 Nxe4 57.c3 Rxd1+  0-1

[Event "Czech Open GMA"]
[Site "Pardubice CZE"]
[Date "2007.07.24"]
[Round "5"]
[White "Balin,J"]
[Black "Mamedov,Rau"]
[Result "0-1"]
[WhiteElo "2288"]
[BlackElo "2587"]

1.d4 d6 2.e4 Nf6 3.Nc3 c6 4.Nf3 g6 5.a4 Bg7 6.Be2 O-O 7.O-O Qc7 8.h3 e5 9.Re1 Re8
10.dxe5 dxe5 11.Bc4 Nbd7 12.Be3 Nf8 13.Ng5 Re7 14.Bc5 Rd7 15.Qe2 h6 16.Nf3 Nh5
17.a5 Qb8 18.Qe3 Nf4 19.Red1 N8e6 20.Rxd7 Bxd7 21.Rd1 Nxc5 22.Qxc5 Be6 23.Bxe6 Nxe6
24.Qc4 Qc7 25.b4 Rc8 26.Rd2 Bf8 27.Rd1 Bg7 28.Rd2 g5 29.Rd1 h5 30.g3 Bf6
31.Kg2 Kg7 32.Rd3 Kg6 33.Rd1 b5 34.axb6 axb6 35.Ne2 b5 36.Qc3 c5 37.bxc5 Qxc5
38.Qxc5 Nxc5 39.Rd6 Kg7 40.Nd2 Na4 41.Ng1 Rxc2 42.Nf1 Be7 43.Rd2 Rc4 44.Kf3 Bc5
45.Ne2 b4 46.Rd5 g4+ 47.hxg4 hxg4+ 48.Kxg4 Rxe4+ 49.Kf3 Rxe2  0-1

[Event "Czech Open GMA"]
[Site "Pardubice CZE"]
[Date "2007.07.24"]
[Round "5"]
[White "Panchanathan,M"]
[Black "Pribyl,Jo"]
[Result "0-1"]
[WhiteElo "2486"]
[BlackElo "2383"]

1.e4 d6 2.d4 Nf6 3.Nc3 e5 4.Nf3 Nbd7 5.Bc4 Be7 6.O-O O-O 7.h3 c6 8.a4 b6
9.Qe2 a6 10.Rd1 Qc7 11.Ba2 Bb7 12.dxe5 dxe5 13.Nh4 b5 14.Nf5 Nc5 15.Qf3 b4
16.Bh6 Ne8 17.Qg4 Bf6 18.Ne2 Bc8 19.Neg3 Kh8 20.Nh5 Bxf5 21.Qxf5 Be7 22.Rd2 gxh6
23.Rad1 Ra7 24.c3 bxc3 25.Rc2 cxb2 26.Rxc5 Ng7 27.Nxg7 Bxc5 28.Ne8 Rxe8 29.Qf6+ Kg8
30.Rd3 b1=Q+ 31.Bxb1 Re6 32.Rg3+ Kf8 33.Qh8+ Ke7 34.Rf3 Qd6  0-1

[Event "IMA"]
[Site "Dimitrov RUS"]
[Date "2007.07.25"]
[Round "7"]
[White "Tologontegin,S"]
[Black "Skurygin,A"]
[Result "1-0"]
[WhiteElo "2320"]
[BlackElo "2319"]

1.e4 d6 2.d4 Nf6 3.Nc3 e5 4.Nf3 Nbd7 5.Bc4 Be7 6.O-O O-O 7.h3 c6 8.a4 Qc7
9.Re1 a5 10.Ba2 h6 11.Be3 Re8 12.Qd2 Nf8 13.Rad1 Ng6 14.dxe5 Nxe5 15.Nd4 Bf8
16.f4 Ng6 17.Bf2 Bd7 18.Nf3 Rad8 19.Kh1 Bc8 20.f5 Ne5 21.Nxe5 dxe5 22.Qe2 Bb4
23.Qc4 Qe7 24.Bb6 Rxd1 25.Rxd1 Rf8 26.Ne2 Nd7 27.Bf2 Bd6 28.Ng1 Bc7 29.Nf3 Bb6
30.Rxd7  1-0

[Event "Lichtenstein Mem"]
[Site "Elkana ISR"]
[Date "2007.07.25"]
[Round "8"]
[White "Nabaty,T"]
[Black "Porper,E"]
[Result "0-1"]
[WhiteElo "2421"]
[BlackElo "2474"]

1.e4 d6 2.d4 Nf6 3.Nc3 e5 4.Nf3 Nbd7 5.Bc4 Be7 6.O-O O-O 7.Re1 c6 8.a4 Qc7
9.h3 b6 10.d5 Bb7 11.dxc6 Bxc6 12.b3 Nc5 13.Nd5 Qb7 14.Nxf6+ Bxf6 15.b4 Ne6
16.Qd3 Qc7 17.Ra3 a5 18.Bd2 Rfd8 19.Qb3 axb4 20.Bxb4 Qd7 21.Rd1 Nd4 22.Nxd4 exd4
23.Re1 Bxa4 24.Bxf7+ Kf8 25.Be6 Bxb3 26.Bxd7 Rxa3 27.Bxa3 Bxc2 28.Bb5 d3
29.Bb4 Bd4 30.e5 Bc5 31.e6 Ke7 32.Bd2 h6 33.Kf1 Rf8 34.f4 Bb4  0-1

[Event "Czech Open GMA"]
[Site "Pardubice CZE"]
[Date "2007.07.25"]
[Round "6"]
[White "Holmsgaard,H"]
[Black "Maksimov,Y"]
[Result "1-0"]
[WhiteElo "2294"]
[BlackElo "2436"]

1.e4 d6 2.d4 Nf6 3.Nc3 e5 4.Nf3 Nbd7 5.Bc4 Be7 6.O-O O-O 7.Bb3 c6 8.a4 exd4
9.Nxd4 Nc5 10.Qe2 Nxb3 11.Nxb3 Re8 12.Bf4 Qb6 13.a5 Qc7 14.Rad1 Bf8 15.Qd3 Rd8
16.e5 d5 17.Qf3 Ne8 18.Nd4 Be6 19.Bg5 Be7 20.Bxe7 Qxe7 21.a6 g6 22.Nce2 Bc8
23.Qg3 Ng7 24.Rfe1 c5 25.Qa3 Kf8 26.axb7 Bxb7 27.Nb5 Ne6 28.Nd6 Kg7 29.Nc3 Rxd6
30.exd6 Qxd6 31.Nxd5 Qc6 32.Qg3 Nd4 33.Qe5+ Kh6  1-0

[Event "Czech Open GMA"]
[Site "Pardubice CZE"]
[Date "2007.07.25"]
[Round "6"]
[White "Shevtsov,N"]
[Black "Polschikov,A"]
[Result "1/2-1/2"]
[WhiteElo "2400"]
[BlackElo "2270"]

1.e4 d6 2.d4 Nf6 3.Nc3 e5 4.Nf3 Nbd7 5.Bc4 Be7 6.O-O O-O 7.Re1 c6 8.a4 b6
9.d5 cxd5 10.Nxd5 Nxd5 11.Bxd5 Rb8 12.Ra3 a6 13.Rd3 h6 14.Be3 Nf6 15.Bb3 Qc7
16.Nd2 b5 17.axb5 axb5 18.f3 Be6 19.Nf1 Bc4 20.Rd2 Bxb3 21.cxb3 Qb7 22.Rd3 Nd7
23.Ng3 Nb6 24.Nf5 Nc8 25.Qd2 h5 26.Bh6 Bf6 27.Bg5 Qb6+ 28.Be3 Qb7 29.Nxd6 Nxd6
30.Rxd6 Rfd8 31.Rd5 Be7 32.Rd1 Rxd5 33.Qxd5 Qxd5 34.Rxd5 f6 35.Rd7 Kf8 36.Kf2 Ke8
37.Rd5 Kf7 38.f4 exf4 39.Bxf4 Rb7 40.Rxh5 g5 41.Be3 Rc7 42.Kf3 b4 43.h4 gxh4
44.Rxh4 Rc2 45.Bd4 Rd2 46.Ke3 Rxg2 47.Kd3 Ke6 48.Rf4 Rg5  1/2-1/2

[Event "Czech Open GMA"]
[Site "Pardubice CZE"]
[Date "2007.07.25"]
[Round "6"]
[White "Schneider,Il"]
[Black "Jovanovic,Zo CRO"]
[Result "1/2-1/2"]
[WhiteElo "2435"]
[BlackElo "2537"]

1.d4 d6 2.e4 Nf6 3.Nc3 e5 4.Nge2 Be7 5.g3 c6 6.a4 exd4 7.Qxd4 Na6 8.Bg2 d5
9.exd5 Nb4 10.Qd1 Bf5 11.Nd4 Bg4 12.Nce2 Nbxd5 13.h3 Bh5 14.O-O O-O 15.g4 Bg6
16.Ng3 Re8 17.Ndf5 Bc5 18.Qf3 Nd7 19.Ne4 Bf8 20.c4 Bxf5 21.Qxf5 Ne7 22.Qf3 Ng6
23.Rd1 Nh4 24.Qd3 Ne5 25.Qxd8 Raxd8 26.Rxd8 Rxd8 27.Bf4 Re8 28.Bxe5 Rxe5
29.Bh1 f5 30.gxf5 Nxf5 31.Rd1 Bb4 32.Rd7 Re7 33.Rxe7 Bxe7 34.Kf1 Kf7 35.Ke2 Ke6
36.Ng3 Nd6 37.Kd3 Ke5 38.b4 Nf7 39.b5 cxb5 40.axb5 b6 41.Ne2 g5 42.Nd4 Bc5
43.Nc6+ Kf4 44.Ke2  1/2-1/2

[Event "11th Festival Open A"]
[Site "Senta SRB"]
[Date "2007.07.25"]
[Round "6"]
[White "Helsen,S"]
[Black "Budimir,Bor"]
[Result "0-1"]
[WhiteElo "2146"]
[BlackElo "2335"]

1.d4 d6 2.e4 Nf6 3.Nc3 c6 4.f4 Qa5 5.Bd3 e5 6.Nf3 Nbd7 7.Be3 Be7 8.h3 O-O
9.Qe2 Nh5 10.Nxe5 Nxe5 11.dxe5 Ng3 12.Qf3 Nxh1 13.O-O-O dxe5 14.Rxh1 exf4
15.Bxf4 Be6 16.Bd2 Bg5 17.h4 Bxd2+ 18.Kxd2 c5 19.h5 h6  0-1

[Event "11th Festival Open A"]
[Site "Senta SRB"]
[Date "2007.07.25"]
[Round "6"]
[White "Stojanovic,Sr"]
[Black "Nikolic,Stani"]
[Result "1-0"]
[WhiteElo "2194"]
[BlackElo "2289"]

1.e4 d6 2.d4 Nf6 3.Nc3 c6 4.Bg5 Qb6 5.Bxf6 exf6 6.a3 Be7 7.Nge2 f5 8.exf5 Bxf5
9.b3 Bf6 10.Na4 Qc7 11.Ng3 Bg6 12.c3 O-O 13.Be2 c5 14.O-O cxd4 15.cxd4 Nc6
16.Rc1 Qe7 17.d5 Nd4 18.Bd3 Rac8 19.Bxg6 hxg6 20.Rxc8 Rxc8 21.Re1 Qf8 22.Ne4 Nc2
23.Re2 Nxa3 24.Ra2 Nb5 25.g3 a6 26.Rc2 Be5 27.Rxc8 Qxc8 28.Nb6 Qf5 29.Qc2 Bd4
30.Qc8+ Kh7 31.Nd7 Qxe4 32.Nf8+ Kg8 33.Ne6+ Kh7 34.Ng5+  1-0

[Event "MTO"]
[Site "Biel SUI"]
[Date "2007.07.26"]
[Round "4"]
[White "Meier,Geo"]
[Black "Al Sayed,Mohamad"]
[Result "1/2-1/2"]
[WhiteElo "2546"]
[BlackElo "2469"]

1.e4 d6 2.d4 Nf6 3.Nc3 e5 4.Nf3 Nbd7 5.Bc4 Be7 6.O-O O-O 7.Re1 c6 8.a4 a5
9.h3 Nb6 10.Bd3 Nfd7 11.Ne2 exd4 12.Nexd4 Nc5 13.b3 Bf6 14.Rb1 Nbd7 15.Ba3 Re8
16.Nf5 Ne5 17.Nxe5 Bxe5 18.Bxc5 dxc5 19.Bc4 Qf6 20.Qf3 Be6 21.Red1 Rad8 22.Rd3 Rxd3
23.Qxd3 Rd8 24.Qe2 g6 25.Nh6+ Kg7 26.Ng4 Bxg4 27.hxg4 Rd4 28.g3 Qd6 29.Bd3 b5
30.Kg2 Bxg3 31.axb5 cxb5 32.Qf3 c4 33.bxc4 bxc4 34.Be2 Bf4 35.c3 Rd3  1/2-1/2

[Event "Open NK"]
[Site "Dieren NED"]
[Date "2007.07.26"]
[Round "3"]
[White "Klein,D"]
[Black "Bloemhard,R"]
[Result "1-0"]
[WhiteElo "1935"]
[BlackElo "2123"]

1.e4 d6 2.d4 Nf6 3.Nc3 e5 4.Nge2 Be7 5.h3 O-O 6.g4 exd4 7.Nxd4 Re8 8.Be3 c5
9.Nde2 Nc6 10.Bg2 Be6 11.O-O h5 12.g5 Nh7 13.f4 Bc4 14.b3 Ba6 15.Nd5 Nd4
16.c4 Nxe2+ 17.Qxe2 g6 18.Rad1 b6 19.Qd3 Bb7 20.Bc1 Bxd5 21.Qxd5 Bf8 22.h4 Bg7
23.e5 dxe5 24.Qxa8 Qxa8 25.Bxa8 Rxa8 26.Bb2 exf4 27.Bxg7 Kxg7 28.Rxf4 Nf8
29.Rdf1 f5 30.gxf6+ Kf7 31.Re1 Ne6 32.Rfe4 Re8 33.Rf1 Rd8 34.Re5 Rd4 35.Rxe6 Rg4+
36.Kh2 Rxh4+ 37.Kg3 Rg4+ 38.Kh3  1-0

[Event "ch-Gdansk"]
[Site "Gdansk POL"]
[Date "2007.07.26"]
[Round "6"]
[White "Rybak,T"]
[Black "Rutkowski,M"]
[Result "1/2-1/2"]
[WhiteElo "2262"]
[BlackElo "2406"]

1.e4 d6 2.d4 Nf6 3.Nc3 e5 4.Nf3 Nbd7 5.Bc4 Be7 6.O-O O-O 7.a4 c6 8.Re1 a5
9.h3 h6 10.b3 Re8 11.Ba3 Bf8 12.Qd2 Qc7 13.Nh4 Nb6 14.Bf1 exd4 15.Qxd4 Be6
16.Bb2 Rad8 17.Qd3 Bc8 18.f4 Nbd7 19.Qf3 Nc5 20.Bc4 Nfxe4 21.Nxe4 Nxe4 22.Ng6 Nd2
23.Qd3 Nxc4 24.Nxf8 Rxe1+ 25.Rxe1 Rxf8 26.Qxc4 Qb6+ 27.Kh1 Qb4 28.Qe2 Bf5
29.Rf1 Qe4 30.Qxe4 Bxe4 31.Rf2 Re8 32.Rd2 Bd5 33.Ba3 Re1+ 34.Kh2 Be4 35.Bxd6 Rc1
36.c4 Rb1 37.Bc7 Rxb3 38.Bxa5 b6 39.Rd8+ Kh7 40.Bd2 Bd3 41.Rd6 c5 42.a5 bxa5
43.Bxa5 Bxc4 44.Bb6 Rb5 45.Rc6 Rb2 46.Kg1 Bd5 47.Rxc5 Bxg2 48.h4  1/2-1/2

[Event "Quebec Open"]
[Site "Montreal CAN"]
[Date "2007.07.26"]
[Round "7"]
[White "Sambuev,B"]
[Black "Hebert,J"]
[Result "1-0"]
[WhiteElo "2482"]
[BlackElo "2391"]

1.e4 d6 2.d4 Nf6 3.Nc3 e5 4.Nf3 Nbd7 5.Bc4 Be7 6.O-O O-O 7.Re1 c6 8.a4 Qc7
9.Ba2 b6 10.h3 a6 11.Bg5 Bb7 12.Nh4 g6 13.dxe5 dxe5 14.Bh6 Rfe8 15.Qf3 Bf8
16.Bg5 Bg7 17.Rad1 Rf8 18.Ne2 Kh8 19.Ng3 Ng8 20.Ngf5 gxf5 21.Nxf5 Nc5 22.Qg3 Ne6
23.Bh4 Rae8 24.Rd6 Ne7 25.Nxg7 Nxg7 26.Bf6 Ng6 27.Red1 Bc8 28.Qg5 Rg8 29.h4 Be6
30.Bxe6 Rxe6 31.Rd7 Rxf6 32.Qxf6 Qc8 33.h5 Nf8 34.Rxf7 Qg4 35.f3 Qf4 36.Rd8 Ne6
37.Rxg8+ Kxg8 38.h6  1-0

[Event "Czech Open GMA"]
[Site "Pardubice CZE"]
[Date "2007.07.26"]
[Round "7"]
[White "Safarli,E"]
[Black "Jedlicka,A"]
[Result "1-0"]
[WhiteElo "2471"]
[BlackElo "2265"]

1.e4 d6 2.d4 Nf6 3.Nc3 e5 4.Nf3 Nbd7 5.Bc4 Be7 6.O-O O-O 7.Re1 c6 8.a4 b6
9.d5 cxd5 10.Nxd5 Bb7 11.b3 Rc8 12.Nxf6+ Nxf6 13.Bd3 Qc7 14.c4 g6 15.Bh6 Rfe8
16.Qd2 Nh5 17.a5 Bf8 18.axb6 axb6 19.Bg5 f5 20.c5 f4 21.Bc4+ Kh8 22.cxd6 Qxd6
23.Qxd6 Bxd6 24.Ra7 Rc7 25.g4 fxg3 26.hxg3 Bc6 27.Rxc7 Bxc7 28.g4 b5 29.Bd3 Ng7
30.Rc1 Re6 31.Bxb5 Bxb5 32.Rxc7 Ne8 33.Rc5 Bd3 34.Bh6 Nf6 35.Ng5 Re8 36.Rc7  1-0

[Event "Czech Open GMA"]
[Site "Pardubice CZE"]
[Date "2007.07.26"]
[Round "7"]
[White "Lubbe,N"]
[Black "Krapivin,Vl"]
[Result "0-1"]
[WhiteElo "2263"]
[BlackElo "2394"]

1.e4 d6 2.d4 Nf6 3.Nc3 e5 4.dxe5 dxe5 5.Qxd8+ Kxd8 6.Bc4 Ke8 7.Be3 c6 8.f3 Nbd7
9.Nh3 Nb6 10.Bxb6 Bxh3 11.Bc7 Bxg2 12.Rg1 Bxf3 13.Bxe5 Nd7 14.Bg3 f6 15.Kf2 Bh5
16.Kg2 Bc5 17.Rge1 Ne5 18.Bxe5 fxe5 19.Be2 Bg6 20.Rad1 Ke7 21.Na4 Bd6 22.Bf3 b5
23.Nc3 Bb4 24.Re3 Rad8 25.Red3 Bxc3 26.bxc3 Rhf8 27.R1d2 a5 28.a3 h5 29.Kg3 Rxd3
30.cxd3 Rf4 31.h4 Kd6 32.Rg2 Bf7 33.Kf2 g6 34.d4 Rf6 35.Ke3 Re6 36.Rf2 Be8
37.Bg2 Ke7 38.Re2 c5 39.dxe5 Rxe5 40.Bh3 g5 41.Rd2 Bg6 42.Bg2 gxh4 43.Kf4 Re6
44.Rd5 h3 45.Bxh3 Rxe4+ 46.Kg5 Be8 47.Rxc5 Re3 48.Bf5 Kd6 49.Rc8 Re5 50.Rd8+ Ke7
51.Rd3 Rc5 52.Re3+ Kd8 53.Kf6 Bc6 54.Be6 Kc7 55.Ke7 h4 56.Kf6 Bd7 57.Bxd7 Kxd7
58.Rh3 Rc4 59.Ke5 Kc6 60.Rd3 Ra4 61.Rd6+ Kc5 62.Rd8 Kc4  0-1

[Event "11th Festival Open A"]
[Site "Senta SRB"]
[Date "2007.07.26"]
[Round "8"]
[White "Govedarica,R"]
[Black "Rabrenovic,V"]
[Result "1/2-1/2"]
[WhiteElo "2394"]
[BlackElo "2312"]

1.e4 d6 2.d4 Nf6 3.Nc3 e5 4.Nf3 Nbd7 5.Bc4 Be7 6.O-O O-O 7.h3 c6 8.a4 a5
9.Ba2 exd4 10.Nxd4 Nc5 11.Re1 Qb6 12.Nb3 Nxb3 13.Bxb3 Be6 14.Nd5 Bxd5 15.exd5 Rfe8
16.dxc6 bxc6 17.Be3 Qb7 18.Rb1 d5 19.c3 Ne4 20.Bc2 Bd6 21.Qd3 g6 22.c4 Bb4
23.Red1 Rad8 24.cxd5 cxd5 25.Qb5 Qxb5 26.axb5 Nc5 27.Rbc1 Ne6 28.Ba7 Re7
29.b6 Nf4 30.Bd3 Nxd3 31.Rxd3 d4 32.g3 Red7 33.Rc7 Kf8 34.Rxd7 Rxd7 35.Bb8 Rb7
36.Bc7 Bc5 37.Rb3 Ke7 38.Kf1 Bd6 39.Ke2 d3+ 40.Kd2 Bxc7 41.bxc7 Rxc7 42.Kxd3 Rc5
43.Rb7+ Ke6 44.h4 h5 45.b3 f6 46.f3 g5 47.Rb6+ Kf5 48.hxg5 Kxg5 49.Rb8 Kg6
50.Ke3 Re5+ 51.Kf2 Kf5 52.Kg2 Re3 53.Rb5+ Kg6 54.f4 Rc3 55.Kh2 Rd3 56.Kh3 Rc3  1/2-1/2

[Event "Najdorf Mem GpA"]
[Site "Grodzisk Mazowiecki POL"]
[Date "2007.07.27"]
[Round "8"]
[White "Piorun,K"]
[Black "Llaneza Vega,M"]
[Result "1/2-1/2"]
[WhiteElo "2359"]
[BlackElo "2438"]

1.e4 d6 2.d4 Nf6 3.Nc3 e5 4.dxe5 dxe5 5.Qxd8+ Kxd8 6.Bg5 Be6 7.O-O-O+ Nd7
8.f4 exf4 9.Nf3 Kc8 10.Bxf4 Bc5 11.Ng5 Ng4 12.Nxe6 fxe6 13.Bc4 Re8 14.Rde1 a6
15.Rhf1 b5 16.Bb3 Kb7 17.e5 Bd4 18.h3 Ngxe5 19.Ne2 Bb6 20.Bxe5 Nxe5 21.Nf4 Nc6
22.Nxe6 Nd4 23.Nxd4  1/2-1/2

[Event "Najdorf Mem GpA"]
[Site "Grodzisk Mazowiecki POL"]
[Date "2007.07.27"]
[Round "8"]
[White "Szoen,D"]
[Black "Cyborowski,L"]
[Result "1-0"]
[WhiteElo "2452"]
[BlackElo "2560"]

1.e4 d6 2.d4 Nf6 3.Nc3 e5 4.Nf3 Nbd7 5.g4 Nxg4 6.Rg1 exd4 7.Nxd4 Ngf6 8.Be2 Nc5
9.Bf3 g6 10.Bg5 Be7 11.Qd2 c6 12.O-O-O Ne6 13.Bh4 Bd7 14.Kb1 h6 15.Qe3 Nh7
16.Bg3 Nhg5 17.Bg2 Qb6 18.h4 Nh7 19.Nxe6 Bxe6 20.Qxh6 O-O-O 21.Qd2 Nf6 22.f3 Nd7
23.Bf2 Qc7 24.Rh1 a6 25.f4 Nf6 26.Bd4 c5 27.Bf2 Ng4 28.Bg3 Bf6 29.f5 Bc4
30.fxg6 Be5 31.Bxe5 Nxe5 32.Bh3+ Kb8 33.b3 fxg6 34.bxc4 Qb6+ 35.Ka1 Nxc4
36.Qc1 Rxh4 37.Be6 Rxh1 38.Rxh1 Ne5 39.Qd2 Nf3 40.Qd3 Nd4 41.Bd5 Rd7 42.Ne2 Nc6
43.Bxc6 Qxc6 44.Nc3 Ka7 45.Rh8 Re7 46.Rd8 Re6 47.Qd5 Rf6 48.Qxc6 bxc6 49.Kb2 g5
50.Rg8  1-0

[Event "Sun Pawn Open"]
[Site "Ilichevsk UKR"]
[Date "2007.07.27"]
[Round "7"]
[White "Petrushko,E"]
[Black "Gritsenko,N"]
[Result "0-1"]
[WhiteElo "2050"]
[BlackElo "2352"]

1.e4 d6 2.d4 Nf6 3.Nc3 Nbd7 4.f4 e5 5.dxe5 dxe5 6.fxe5 Nxe5 7.Qxd8+ Kxd8
8.Bg5 Be7 9.Nf3 Nfd7 10.Nxe5 Nxe5 11.O-O-O+ Bd7 12.Bxe7+ Kxe7 13.Nd5+ Kd8
14.Ne3 Re8 15.Be2 f6 16.Nf5 Rg8 17.Ne3 c6 18.Nc4 Nxc4 19.Bxc4 Re8 20.Rd4 Kc7
21.Rhd1 Rad8 22.Bf7 Rf8 23.Bh5 Be6 24.Rxd8 Rxd8 25.Rxd8 Kxd8 26.a3 Ke7 27.Kd2 Kd6
28.Ke3 Ke5 29.Be2 c5 30.g3 Bf7 31.Bf3 Bg6 32.Bg2 Be8 33.Bf1 Ba4 34.b3 Bc6
35.Bd3 b6 36.c3 Bb7 37.b4 Bc6 38.Bc2 Bb7 39.Bd3 Bc8 40.Be2 Bd7 41.Bd3 Ba4
42.Bb1 c4 43.Ba2 Bb3 44.Bb1 h5 45.Kd2 g6 46.Ke3 g5 47.Kd2 h4 48.Ke3 Ba4 49.Kd2 Bb3
50.Ke3 Bd1 51.Kd2 Ba4 52.Ke3 Bd1 53.Kd2 Bb3 54.Ke3 hxg3 55.hxg3 Kd6 56.Kd4 Kc6
57.a4 a5 58.bxa5 bxa5 59.e5 fxe5+ 60.Kxe5 Bxa4 61.Ke4 Bb3 62.Ke3 a4 63.Kd2 Kd5
64.Bf5 Ke5 65.g4 a3 66.Kc1 Kf4 67.Kb1 Ke3 68.Kc1 Ke2 69.Be6 Ke1 70.Bf5 a2
71.Kb2 Kd2 72.Be6 a1=B+ 73.Kxa1 Kxc3 74.Kb1 Kd2 75.Bf7 Bc2+ 76.Kb2 c3+ 77.Ka2 Bd1  0-1

[Event "Czech Open GMA"]
[Site "Pardubice CZE"]
[Date "2007.07.27"]
[Round "8"]
[White "Abel,D"]
[Black "Jovanovic,Zo CRO"]
[Result "1/2-1/2"]
[WhiteElo "2341"]
[BlackElo "2537"]

1.d4 d6 2.e4 Nf6 3.Nc3 e5 4.dxe5 dxe5 5.Qxd8+ Kxd8 6.Bc4 Ke8 7.Nf3 Bd6 8.Bg5 c6
9.O-O-O Bc7 10.Bxf6 gxf6 11.Nh4 Be6 12.Be2 Nd7 13.Nf5 Rd8 14.Bf3 Nb6 15.Ne2 Nc8
16.Neg3 Nd6 17.b3 Nxf5 18.Nxf5 Bb6 19.Rhf1 Rg8 20.g3 Bc5 21.Kb2 a5 22.c3 Rd7
23.Be2 Rxd1 24.Bxd1 Kd7 25.f3 Kc7 26.Be2 b5 27.a3 h5 28.Rd1 Bxf5 29.exf5 h4
30.b4 Be3 31.bxa5 hxg3 32.hxg3 Rxg3 33.Kb3 Bc5 34.Rf1 e4 35.fxe4 Re3 36.Bh5 Rxe4
37.Bxf7 Ra4 38.Ra1 Bd6 39.Be6 Rxa5 40.a4 Ra8 41.Ra2 Rh8 42.axb5 cxb5 43.Rd2 Rh3
44.Kc2 Bf4 45.Rd4 Rh2+ 46.Kd3 Be5 47.Rb4 Rh3+ 48.Ke2  1/2-1/2

[Event "11th Festival Open A"]
[Site "Senta SRB"]
[Date "2007.07.27"]
[Round "9"]
[White "Pacal,M"]
[Black "Nikolic,Stani"]
[Result "0-1"]
[WhiteElo "2207"]
[BlackElo "2289"]

1.e4 d6 2.d4 Nf6 3.Nc3 c6 4.Bd3 e5 5.Nge2 Be7 6.O-O Bg4 7.f3 Bh5 8.Be3 Nbd7
9.a4 O-O 10.Qd2 Qc7 11.g4 Bg6 12.Kh1 Ne8 13.f4 exf4 14.Nxf4 a5 15.Rg1 Nb6
16.Qf2 Qd8 17.Qg2 Bg5 18.Rad1 Bxf4 19.Bxf4 d5 20.Qf2 Qd7 21.e5 Nc7 22.Bd2 Bxd3
23.cxd3 Ne6 24.g5 Rfe8 25.Kg2 Qc7 26.h4 Nd7 27.Rh1 Re7 28.Rdg1 Qb6 29.Re1 Qb3
30.Rd1 Nb6 31.h5 Nxa4 32.g6 fxg6 33.h6 Rf7 34.Qg3 Raf8  0-1

[Event "MTO"]
[Site "Biel SUI"]
[Date "2007.07.28"]
[Round "6"]
[White "Jenni,F"]
[Black "Mensch,E"]
[Result "1-0"]
[WhiteElo "2527"]
[BlackElo "2359"]

1.e4 d6 2.d4 Nf6 3.Nc3 Nbd7 4.Nf3 e5 5.Bc4 Be7 6.O-O O-O 7.Re1 c6 8.a4 b6
9.d5 cxd5 10.Bxd5 Nxd5 11.Nxd5 Bb7 12.b3 Rc8 13.c4 Nc5 14.Rb1 h6 15.Ba3 Kh8
16.Re3 Bg5 17.Bxc5 Rxc5 18.Nxg5 Qxg5 19.Rg3 Qh4 20.Nc3 Rcc8 21.Qxd6 Bxe4
22.Qxe5 Bg6 23.Re1 f6 24.Qe2 Rfe8 25.Re3 Qd4 26.Nd5 Kh7 27.Ne7  1-0

[Event "TIPC"]
[Site "Charleroi BEL"]
[Date "2007.07.28"]
[Round "2"]
[White "Gharamian,T"]
[Black "Eliet,N"]
[Result "1-0"]
[WhiteElo "2517"]
[BlackElo "2454"]

1.e4 d6 2.d4 Nf6 3.Nc3 e5 4.dxe5 dxe5 5.Qxd8+ Kxd8 6.Bg5 Be6 7.O-O-O+ Nd7
8.f4 exf4 9.Nf3 h6 10.Bxf4 c6 11.Nd4 Bb4 12.e5 Ng4 13.Nxe6+ fxe6 14.Ne4 Ke7
15.Be2 Ngxe5 16.c3 Ba5 17.Nc5 Nxc5 18.Bxe5 Ne4 19.Rhe1 Nf6 20.Bc4 Rhe8 21.Bxf6+ Kxf6
22.Rd7 b5 23.Rf1+ Ke5 24.Bb3 Bb6 25.Rxg7 Be3+ 26.Kb1 Bg5 27.Re1+ Kd6 28.Rg6 Kc7
29.g3 Rad8 30.h4 Bd2 31.Re2 Rd6 32.Kc2 Red8 33.Rgxe6 Rd3 34.a4 h5 35.axb5 cxb5
36.R6e5 Kb6 37.Rxh5 Be3 38.Kb1 Bc5 39.Ree5  1-0

[Event "ch-Gdansk"]
[Site "Gdansk POL"]
[Date "2007.07.28"]
[Round "8"]
[White "Kolago,M"]
[Black "Lubczynski,R"]
[Result "0-1"]
[WhiteElo "2350"]
[BlackElo "2368"]

1.e4 d6 2.d4 Nf6 3.Nc3 e5 4.Nge2 Nc6 5.h3 Be7 6.g3 d5 7.exd5 Nxd5 8.dxe5 Ndb4
9.a3 Bf5 10.axb4 Nxb4 11.Bg2 Nxc2+ 12.Kf1 Qxd1+ 13.Nxd1 O-O-O 14.Ne3 Nxa1
15.Nf4 Be6 16.Nxe6 fxe6 17.Bf3 Nb3 18.Kg2 Bc5 19.Nc4 Rd4 20.Bg4 Re8 21.Ne3 Rd3
22.Kf3 Nxc1 23.Rxc1 Bxe3 24.fxe3 g6 25.h4 Rd2  0-1

[Event "Siberia B"]
[Site "Novosibirsk RUS"]
[Date "2007.07.28"]
[Round "10"]
[White "Danilyuk,O"]
[Black "Kharashuta,E"]
[Result "0-1"]
[WhiteElo "2075"]
[BlackElo "2211"]

1.e4 d6 2.d4 Nf6 3.Nc3 Nbd7 4.f4 e5 5.Nf3 exd4 6.Nxd4 Nc5 7.e5 dxe5 8.fxe5 Nfe4
9.Ndb5 Qxd1+ 10.Nxd1 Ne6 11.Bc4 Bb4+ 12.c3 Ba5 13.Be3 a6 14.Nd4 c6 15.Nxe6 Bxe6
16.Bxe6 fxe6 17.Ke2 O-O-O 18.Rf1 g5 19.b4 Bc7 20.Bd4 g4 21.Rf4 Ng5 22.Rxg4 Rhg8
23.Rf4 Rd7 24.Ne3 Nf7 25.Rg4 Rgd8 26.Re4 Ng5 27.Rg4 Nf7 28.Re4 Ng5 29.Rh4 Rg7
30.Rf1 Nf7 31.Rh5 b6 32.Rf6 Re8 33.g3 h6 34.Nc4 b5 35.Nd6+ Nxd6 36.exd6 Bxd6
37.Rfxh6 Rd7 38.Rh7 Red8 39.Rxd7 Rxd7 40.Bc5 Bxc5 41.Rxc5 Rh7 42.h4 Kd7 43.Kf3 Kd6
44.Ke4 Rf7 45.h5 Rf2 46.a3 e5 47.Ke3 Rf5 48.g4 Rf4 49.g5 Rf5 50.c4 Rxg5 51.cxb5 axb5
52.h6 Rh5 53.a4 bxa4 54.Ra5 a3 55.b5 Rxh6 56.bxc6 Rh3+ 57.Ke4 Rh4+ 58.Kf5 Rf4+
59.Kg5 Rf3 60.Kg4 e4 61.Ra6 Kc7 62.Ra4 Kxc6 63.Rxe4 Rb3 64.Ra4 Kb5 65.Ra8 Kc4
66.Rc8+ Kd3 67.Kf4 Rc3 68.Ra8 Kc2 69.Ke4 Kb2 70.Kd4 Rb3 71.Rh8 a2 72.Rh2+ Ka3
73.Rh1 Rb1 74.Rh3+ Kb4  0-1

[Event "Czech Open GMA"]
[Site "Pardubice CZE"]
[Date "2007.07.28"]
[Round "9"]
[White "Sidorenko,I"]
[Black "Krapivin,Vl"]
[Result "1-0"]
[WhiteElo "2256"]
[BlackElo "2394"]

1.e4 d6 2.d4 Nf6 3.Nc3 e5 4.Nf3 Nbd7 5.g4 h6 6.g5 hxg5 7.Nxg5 Be7 8.Bc4 O-O
9.Rg1 exd4 10.Qxd4 Ne5 11.Be2 c5 12.Qd1 b5 13.f4 Nc6 14.Be3 d5 15.Nxd5 Nxd5
16.Qxd5 Nb4 17.Qxd8 Rxd8 18.Bd1 Re8 19.a3 Na6 20.Kf2 f6 21.Bh5 Rf8 22.Nf3 f5
23.e5 c4 24.Nd4 Nc5 25.Bf3 Ne4+ 26.Ke2 a6 27.Rg2 Kh7 28.Rag1 Rg8 29.Bxe4 fxe4
30.f5 g5 31.Rg3 g4 32.Rxg4 Rxg4 33.Rxg4 Bc5 34.e6  1-0

[Event "IGM"]
[Site "Stara Pazova SRB"]
[Date "2007.07.28"]
[Round "5"]
[White "Skoko,Mil"]
[Black "Abramovic,B"]
[Result "1/2-1/2"]
[WhiteElo "2259"]
[BlackElo "2516"]

1.e4 d6 2.d4 Nf6 3.Nc3 e5 4.dxe5 dxe5 5.Qxd8+ Kxd8 6.Bg5 Be6 7.f4 exf4 8.Nf3 Be7
9.Bxf4 c6 10.a3 Re8  1/2-1/2

[Event "2nd Crete Summer Cup"]
[Site "Agios Nikolaos GRE"]
[Date "2007.07.29"]
[Round "9"]
[White "Sandalakis,A"]
[Black "Gabaldon Gomez,M"]
[Result "1-0"]
[WhiteElo "2355"]
[BlackElo "2199"]

1.e4 d6 2.d4 Nf6 3.Nc3 e5 4.Nf3 Nbd7 5.Bc4 Be7 6.Bxf7+ Kxf7 7.Ng5+ Kg8 8.Ne6 Qe8
9.Nxc7 Qg6 10.Nxa8 Qxg2 11.Rf1 exd4 12.Qxd4 Ne5 13.f4 Bh3 14.Qf2 Nc6 15.Qxg2 Bxg2
16.Rg1 Bxe4 17.Nxe4 Nxe4 18.Be3 Bh4+ 19.Ke2 Bd8 20.Kf3 Nf6 21.b4 Kf7 22.b5 Nb4
23.Bxa7 Ba5 24.Nb6 Nxc2 25.Rad1 Na3 26.Nd5 Rc8 27.Nxf6 Rc3+ 28.Kg4 gxf6 29.Rg3 Ke6
30.f5+ Kd7 31.Rxc3 Bxc3 32.Bg1 Nxb5 33.a4 Nc7 34.Rb1 Kc8 35.Rc1 Be5 36.Bb6 d5
37.Rc5 Bxh2 38.Bxc7 Bxc7 39.Rxd5 Be5 40.Kh5 Bf4 41.Rd4 Bg5 42.Re4 Kd7 43.Re6 Kd8
44.Re4 Kd7 45.Re6 Kd8 46.Rb6 Kc7 47.Rb5 Kc6 48.Ra5 Kd6 49.Ra7 Kc6 50.Ra8 b5
51.axb5+ Kxb5 52.Ra7 h6 53.Kg6 Kc6 54.Rf7 Kd6 55.Rxf6+  1-0

[Event "Arximiro Penide Cedeira Mem"]
[Site "Arteixo ESP"]
[Date "2007.07.29"]
[Round "6"]
[White "Ferreiro Pailos,A"]
[Black "Vega Gomez,F"]
[Result "1-0"]
[WhiteElo "2116"]
[BlackElo "2117"]

1.e4 d6 2.d4 Nf6 3.Nc3 e5 4.Nge2 Be7 5.f3 c6 6.Be3 O-O 7.Qd2 b5 8.O-O-O Qa5
9.a3 Qc7 10.g4 a5 11.Ng3 b4 12.Nb1 exd4 13.Bxd4 c5 14.Be3 Be6 15.g5 Nfd7
16.Nf5 Bxf5 17.exf5 c4 18.g6 c3 19.bxc3 bxa3 20.Nxa3 Ne5 21.f4 Ng4 22.Bd4 d5
23.Nb5 Qd7 24.gxh7+ Kxh7 25.Qg2 Nc6 26.Qxg4 Nxd4 27.Nxd4 a4 28.Rd3 a3 29.Rh3+ Kg8
30.Qh5 f6 31.Rg1 a2 32.Rxg7+ Kxg7 33.Qh7+  1-0

[Event "IMA"]
[Site "Dimitrov RUS"]
[Date "2007.07.29"]
[Round "15"]
[White "Paveliev,A"]
[Black "Skurygin,A"]
[Result "1-0"]
[WhiteElo "2405"]
[BlackElo "2319"]

1.e4 d6 2.d4 Nf6 3.Nc3 e5 4.Nf3 Nbd7 5.Bc4 Be7 6.O-O O-O 7.a4 c6 8.a5 Rb8
9.dxe5 dxe5 10.Be3 b6 11.Nd2 b5 12.Be2 Bc5 13.Bg5 h6 14.Bh4 a6 15.Nb3 Ba7
16.Bf3 Nc5 17.Nxc5 Bxc5 18.Qxd8 Rxd8 19.Bxf6 gxf6 20.Ne2 Be6 21.Rfd1 Be7
22.Ng3 Rxd1+ 23.Bxd1 Rd8 24.h3 Rd2 25.Nf1 Rd7 26.c3 Kf8 27.Be2 Ke8 28.Rc1 Bd8
29.c4 Rd4 30.cxb5 cxb5 31.Rc6 Rxe4 32.Ne3 Ra4 33.Rxa6 Rxa5 34.Rxa5 Bxa5 35.Bxb5+ Ke7
36.Bd3 Kd6 37.Kf1 Kc5 38.Ke2 Kb4 39.Bf5 Bc4+ 40.Kf3 Kb3 41.Bc2+ Kb4 42.Ng4 Bd5+
43.Be4 f5 44.Bxd5 fxg4+ 45.Kxg4 Bb6 46.f3 Bd4 47.b3 f6 48.Kh5 Be3 49.Kg6 Kc5
50.Bf7 Kd4 51.Kxf6 e4 52.Kf5 exf3 53.gxf3 Kc5 54.Ke5  1-0